00800 2200301 4500001002100000005001500021035002000036007000300056040001700059100002800076245004900104250001000153300002900163041000800192082001100200084002200211090001700233264003800250336002100288337003000309338002300339650001000362850001000372008004100382990002500423990002500448990002500473INLIS00000000001431020260624090015 a0010-0626000108ta aSBPUPADbind1 aGreen WillowePengarang1 aMengapa Langit Biru :bSains /cGreen Willow aCet.1 a18 hlm :billus ;c19 cm bind a001.01 a[23] 001.01 GRE m a001.01 GRE m aJakarta :bKompas Gramedia,c2024 2rdacontentateks 2rdamediaatanpa perantara 2rdacarrieravolume 4aSains aPUPAD260624 1  a40.035/APBD/DPK/2025 a40.036/APBD/DPK/2025 a40.034/APBD/DPK/2025